ბათუმის შოთა რუსთაველის სახელმწიფო უნივერსიტეტის ბიბლიოთეკა

იაკობ გოგებაშვილი (ბიბ.ჩანაწერი № 44898)

000 -LEADER
fixed length control field 00734nam a2200217Ia 4500
001 - CONTROL NUMBER
control field 11717
003 - CONTROL NUMBER IDENTIFIER
control field GE_BSU
008 - FIXED-LENGTH DATA ELEMENTS--GENERAL INFORMATION
fixed length control field 181216s||||||||xx |||||||||||||| ||und||
040 ## - CATALOGING SOURCE
Transcribing agency GE_BSU
080 ## - UNIVERSAL DECIMAL CLASSIFICATION NUMBER
Universal Decimal Classification number 37.01(479.22)(092)
100 ## - MAIN ENTRY--PERSONAL NAME
Personal name თავზიშვილი,ვ.
245 ## - TITLE STATEMENT
Title იაკობ გოგებაშვილი
245 ## - TITLE STATEMENT
Remainder of title მონოგრაფია
245 ## - TITLE STATEMENT
Statement of responsibility, etc. რედ:მ.ბურჭულაძე; მხატვ:მ.ქუთათელაძე.
260 ## - PUBLICATION, DISTRIBUTION, ETC.
Place of publication, distribution, etc. თბილისი
260 ## - PUBLICATION, DISTRIBUTION, ETC.
Name of publisher, distributor, etc. სახელგამი
260 ## - PUBLICATION, DISTRIBUTION, ETC.
Date of publication, distribution, etc. 1952
300 ## - PHYSICAL DESCRIPTION
Extent 248გვ;19სმ.
653 ## - INDEX TERM--UNCONTROLLED
Uncontrolled term იაკობ გოგებაშვილი,მონოგრაფია
942 ## - ADDED ENTRY ELEMENTS (KOHA)
Koha item type წიგნი
ეგზემპლარები
Withdrawn status Lost status Damaged status Not for loan Date acquired Barcode Date last seen Price effective from Koha item type
        2018-12-17 20321 2018-12-17 2018-12-17 წიგნი
        2018-12-17 20322 2018-12-17 2018-12-17 წიგნი